Match the Character to the Movie - Statistics

General Stats
  • This quiz has been taken 334 times
  • The average score is 11 of 20
Answer Stats
Hint Answer % Correct
Apollo Creed Rocky
81%
T'Challa Black Panther
76%
Elle Woods Legally Blonde
71%
Rhett Butler Gone with the Wind
65%
Miranda Priestley The Devil Wears Prada
63%
Holly Golightly Breakfast at Tiffany's
59%
Baby Houseman Dirty Dancing
58%
Mia Wallace Pulp Fiction
56%
Paul Atreides Dune
55%
Anton Chigurh No Country for Old Men
55%
Cher Horowitz Clueless
51%
Phil Connors Groundhog Day
50%
Rick Deckard Blade Runner
49%
Anita West Side Story
47%
Marge Gunderson Fargo
46%
Tom Hagen The Godfather
40%
Oda Mae Brown Ghost
39%
Jake Gittes Chinatown
36%
Margo Channing All About Eve
29%
Howard Beale Network
26%
No matching quizzes found
Score Distribution
Percent of People with Each Score
Percentile by Number Answered
Your Score History
You have not taken this quiz